000 00868nam a2200253Ia 4500
003 OSt
005 20220923211113.0
006 a|||||r|||| 00| 0
007 ta
008 220922b |||||||| |||| 00| 0 hin d
020 _a8181431936 (hbk)
_c250
024 _a242,468
037 _b485, 02/03/2010, Vani Prakashan
_cTextual
040 _aARTS
_cARTS
_bhin
041 _2hin
_ahin
082 _aO152,2:g, P4
100 _aसिद्धनाथ कुमार
245 0 _aनाटकालोचन के सिद्धांत
246 _aNāṭakālochan ke siddhāanta
260 _aनयी दिल्ली
_b वाणी प्रकाशन
_c2004
300 _a227पृ.
_ccm.
942 _hO152,2:g, P4
_cTEXL
_2CC
999 _c295280
_d295280